| 000 | 01533nam a2200337Ia 4500 | ||
|---|---|---|---|
| 001 | ebr10255699 | ||
| 003 | CaPaEBR | ||
| 006 | m u | ||
| 007 | cr cn||||||||| | ||
| 008 | 010917s2001 si a sb 100 0 eng d | ||
| 020 | _z9789810245955 | ||
| 020 | _z9810245955 | ||
| 040 |
_aCaPaEBR _cCaPaEBR |
||
| 035 | _a(OCoLC)646768603 | ||
| 050 | 1 | 4 |
_aQC793.3.F5 _bI599 2000eb |
| 111 | 2 |
_aInternational Workshop on Non-Perturbative Methods and Lattice QCD _d(2000 : _cZhong Shan University) |
|
| 245 | 1 | 0 |
_aNon-perturbative methods and lattice QCD _h[electronic resource] : _bproceedings of the International Conference / _ceditors, Xiang-Qian Luo, Eric B. Gregory. |
| 260 |
_aSingapore ; _aRiver Edge, NJ : _bWorld Scientific, _cc2001. |
||
| 300 |
_aix, 308 p. : _bill. |
||
| 500 | _a"... held at Zhongshan University in Guangzhou, China, from May 15 through 20, 2000 ... ."--Pref. | ||
| 504 | _aIncludes bibliographical references. | ||
| 533 |
_aElectronic reproduction. _bPalo Alto, Calif. : _cebrary, _d2009. _nAvailable via World Wide Web. _nAccess may be limited to ebrary affiliated libraries. |
||
| 650 | 0 |
_aLattice field theory _vCongresses. |
|
| 650 | 0 |
_aQuantum chromodynamics _vCongresses. |
|
| 650 | 0 |
_aParticles (Nuclear physics) _vCongresses. |
|
| 655 | 7 |
_aElectronic books. _2local |
|
| 700 | 1 | _aLuo, Xiang-Qian. | |
| 700 | 1 | _aGregory, Eric B. | |
| 710 | 2 | _aebrary, Inc. | |
| 856 | 4 | 0 |
_uhttp://site.ebrary.com/lib/rucke/Doc?id=10255699 _zAn electronic book accessible through the World Wide Web; click to view |
| 999 |
_c14941 _d14941 |
||